| 000 | 00905cam a22002773a 4500 | ||
|---|---|---|---|
| 001 | 6655 | ||
| 003 | PGUSA | ||
| 005 | 20140828083135.0 | ||
| 008 | 041001s2004||||xxu|||||s|||||000 1 eng d | ||
| 040 |
_aPGUSA _beng |
||
| 042 | _adc | ||
| 050 | 4 | _aPZ | |
| 100 | 1 |
_aFitzhugh, Percy Keese, _d1876-1950 |
|
| 245 | 1 | 0 |
_aTom Slade : _bBoy Scout of the Moving Pictures _h[electronic resource] / _cPercy Keese Fitzhugh |
| 260 |
_bProject Gutenberg, _c2004 |
||
| 506 | _aPublic domain in the USA. | ||
| 516 | _aElectronic text | ||
| 653 | _aAdventure stories | ||
| 653 | _aBoy Scouts of America -- Juvenile fiction | ||
| 653 | _aDetermination (Personality trait) -- Juvenile fiction | ||
| 653 | _aCharacter -- Juvenile fiction | ||
| 653 | _aOutdoor recreation -- United States -- Juvenile fiction | ||
| 830 | 0 |
_aProject Gutenberg _v6655 |
|
| 856 | 4 | 0 | _uhttp://www.gutenberg.org/ebooks/6655 |
| 942 | _cEB | ||
| 999 |
_c235975 _d235975 |
||